| Tag |
First Indicator |
Second Indicator |
Subfields |
| LEADER |
00000cam a2200000 i 4500 |
| 001 |
in00004584366 |
| 003 |
OCoLC |
| 005 |
20220711190003.3 |
| 008 |
210721t20222022mauab b 001 0 eng |
| 010 |
|
|
|a 2021035568
|
| 040 |
|
|
|a DLC
|e rda
|c DLC
|
| 020 |
|
|
|a 9781558444287
|q paperback
|
| 020 |
|
|
|a 1558444289
|q paperback
|
| 020 |
|
|
|z 9781558444294
|q electronic book
|
| 020 |
|
|
|z 9781558444317
|q electronic book
|
| 035 |
|
|
|a (OCoLC)1262692584
|
| 043 |
|
|
|a n-us---
|
| 050 |
0 |
0 |
|a HT392
|b .Y37 2022
|
| 082 |
0 |
0 |
|a 307.1/20973
|2 23
|
| 100 |
1 |
|
|a Yaro, Robert D.,
|e author.
|
| 245 |
1 |
0 |
|a Megaregions and America's future /
|c Robert D. Yaro, Ming Zhang, Frederick R. Steiner.
|
| 264 |
|
1 |
|a Cambridge, Massachusetts :
|b Lincoln Institute of Land Policy,
|c [2022].
|
| 264 |
|
4 |
|c ©2022.
|
| 300 |
|
|
|a xiv, 351 pages :
|b color illustrations, color maps ;
|c 26 cm.
|
| 336 |
|
|
|a text
|b txt
|2 rdacontent
|
| 337 |
|
|
|a unmediated
|b n
|2 rdamedia
|
| 338 |
|
|
|a volume
|b nc
|2 rdacarrier
|
| 504 |
|
|
|a Includes bibliographical references (pages 309-325) and index.
|
| 505 |
0 |
|
|a Introduction -- U.S. Megaregions -- The Changing Demographics of America's Megaregions: Rising Inequality and Declining Affordability -- Sustaining the Competitiveness of America's Megaregions in the Face of Growing Globalization and Protectionism -- The Uphill Battle to Build Environmental Resilience -- New Technologies and New Opportunities for Megaregions -- Making the Green New Deal Work in America's Megaregions -- Toward a Strategic Plan for the Northeast Megaregion -- Unlocking the Economic Potential of Megaregions with High-Performance and High-Speed Rail -- Governing American's Megaregions -- Reflections -- Megaregions and the Next American Century.
|
| 520 |
|
|
|a Examines the socioeconomic, demographic and climate challenges U.S. megaregions face in the 21st century and proposes new planning and policy strategies to tackle them.
|
| 650 |
|
0 |
|a Regional planning
|z United States.
|
| 650 |
|
0 |
|a Cities and towns
|z United States
|x Growth.
|
| 700 |
1 |
|
|a Steiner, Frederick R.,
|e author.
|
| 945 |
|
|
|b 353593
|
| 947 |
|
|
|a A14851584970
|
| 948 |
|
|
|a dmitchel 7/11/22 2.00.00
|
| 980 |
|
|
|b print
|c 40031101593
|f NONFIC/B
|g 565714
|k USD
|m 48.60
|q 1
|s AcqMono Conventional
|t Approval plan
|u Vendor order reference number
|v ZYBP
|y Print approval
|z Physical resource
|
| 999 |
f |
f |
|i 787a7c06-0879-47b4-a848-b2764e0c8346
|s 3a1fd00b-de50-41c2-a039-20a42bb09dff
|t 0
|
| 952 |
f |
f |
|p normal
|a Texas A&M University
|b College Station
|c Sterling C. Evans Library
|s Evans stk
|d Evans: Library Stacks
|t 0
|e HT392 .Y37 2022
|h Library of Congress classification
|i unmediated -- volume
|m A14851584970
|